000 00911nam0a2200277 4500
001 RU\NLR\bibl\1455470
005 20260406122951.0
010 _a978-5-17-001597-9
_bАСТ
010 _a978-5-9713-3539-9
_bАСТ МОСКВА
_92000
021 _aRU
_b2009-87783
_95525
035 _a(NLR Aleph) 001447275
090 _a1500627
_c1500627
100 _a20091221d2009 |||y0rusy50 ca
101 1 _arus
_ceng
102 _aRU
105 _ay |||||||||
200 1 _aЧертовка
_e[роман]
_fБертрис Смолл
_g[пер. с англ. А. Блейз]
210 _aМосква
_cАСТ
_cАСТ МОСКВА
_d2009
215 _a413, [1] с.
_d17
225 1 _aмини ШАРМ
700 1 _4070
_7ca
_8rus
_aСмолл
_bБ.
_f1937-2015
_gБертрис
_3RU\NLR\AUTH\77816
_9110856
801 0 _aRU
_bNLR
_c20091221
_gRCR
801 1 _aRU
_bNLR
_c20091221
942 _cBOOK
980 _aNB